Fixed income securities: analysis and valuation (Record no. 226639)
[ view plain ]
| 000 -LEADER | |
|---|---|
| fixed length control field | 00790nam a22002777a 4500 |
| 003 - CONTROL NUMBER IDENTIFIER | |
| control field | OSt |
| 005 - DATE AND TIME OF LATEST TRANSACTION | |
| control field | 20250405103104.0 |
| 008 - FIXED-LENGTH DATA ELEMENTS--GENERAL INFORMATION | |
| fixed length control field | 230210b ||||| |||| 00| 0 eng d |
| 020 ## - INTERNATIONAL STANDARD BOOK NUMBER | |
| International Standard Book Number | 8131411966 |
| 040 ## - CATALOGING SOURCE | |
| Transcribing agency | AL |
| 041 ## - LANGUAGE CODE | |
| Language code of text/sound track or separate title | eng |
| 082 ## - DEWEY DECIMAL CLASSIFICATION NUMBER | |
| Edition number | 23 |
| Classification number | 381 |
| Item number | ICFF |
| 100 ## - MAIN ENTRY--PERSONAL NAME | |
| Personal name | ICFAI |
| 9 (RLIN) | 207548 |
| 245 ## - TITLE STATEMENT | |
| Title | Fixed income securities: analysis and valuation |
| 260 ## - PUBLICATION, DISTRIBUTION, ETC. | |
| Place of publication, distribution, etc. | Hyderabad |
| Name of publisher, distributor, etc. | ICFAI |
| Date of publication, distribution, etc. | 2007 |
| 300 ## - PHYSICAL DESCRIPTION | |
| Extent | 250p. |
| Other physical details | PB |
| Dimensions | 26x21cm. |
| 365 ## - TRADE PRICE | |
| Source of price type code | Economics |
| 650 ## - SUBJECT ADDED ENTRY--TOPICAL TERM | |
| Topical term or geographic name entry element | Debt Securities |
| 9 (RLIN) | 71749 |
| 650 ## - SUBJECT ADDED ENTRY--TOPICAL TERM | |
| Topical term or geographic name entry element | Global Bond Sectors and Instruments |
| 9 (RLIN) | 71750 |
| 650 ## - SUBJECT ADDED ENTRY--TOPICAL TERM | |
| Topical term or geographic name entry element | Mortgage Backed Securities |
| 9 (RLIN) | 71751 |
| 650 ## - SUBJECT ADDED ENTRY--TOPICAL TERM | |
| Topical term or geographic name entry element | Asset Backed Securities |
| 9 (RLIN) | 71752 |
| 650 ## - SUBJECT ADDED ENTRY--TOPICAL TERM | |
| Topical term or geographic name entry element | Credit Analysis |
| 9 (RLIN) | 71754 |
| 650 ## - SUBJECT ADDED ENTRY--TOPICAL TERM | |
| Topical term or geographic name entry element | Fixed Income Portfolio Management |
| 9 (RLIN) | 71755 |
| 700 ## - ADDED ENTRY--PERSONAL NAME | |
| Personal name | ICFAI |
| 9 (RLIN) | 71748 |
| 942 ## - ADDED ENTRY ELEMENTS (KOHA) | |
| Source of classification or shelving scheme | Dewey Decimal Classification |
| Koha item type | Donated Books |
| Withdrawn status | Lost status | Source of classification or shelving scheme | Damaged status | Not for loan | Collection code | Home library | Current library | Date acquired | Total Checkouts | Full call number | Barcode | Date last seen | Price effective from | Koha item type |
|---|---|---|---|---|---|---|---|---|---|---|---|---|---|---|
| Dewey Decimal Classification | Economics | St Aloysius Library | St Aloysius Library | 05/23/2013 | 381 ICFF | D05047 | 02/10/2023 | 02/10/2023 | Donated Books | |||||
| Dewey Decimal Classification | Management | St Aloysius Library | St Aloysius Library | 05/23/2013 | 381 ICFF | D05048 | 02/10/2023 | 02/10/2023 | Donated Books |